1654 1953 1531 1455 1610 1230 1942 1561 1294 1063 1143 1993 1081 1089 1029 1652 1103 1409 1076 1074 1228 1802 1019 1570 1096 1318 1394 1191 1872 1976 1960 1583 1231 1696 1856 1994 1076 1253 1159 1409 1457 1495 1038 1326 1967 1811 1929 1988 1385 1468 1454 1324 1257 1626 1401 1672 1763 1710 1854 1712 1338 1746 1916 1427 1417 1541 1356 1402 1443 1030 1062 1703 1869 1627 1448 1542 1860 1052 1020 1076 1375 1309 1482 1345 1739 1770 1076 1627 1885 1667 1592 1118 1496 1227 1651 1955 1921 1757 1975 BCNSPRNW ULIB Ver.6.0+V

เปลี่ยนเป็นภาษาไทย

Change to English
 แสดงรายละเอียดบรรณานุกรม
  กลับหน้าหลัก

Brief Record : Get Marc (ISO 2709) : E-mail record : QR code < ปิดหน้าต่าง
LEADER : 00000nam 2200000uu 4500
001    13399108120
003     ULIB
008    110217s2552||||th 000 0 tha d
020    9741105452
060 04 WY152^bพ587ก 2552
100    พัสมณฑ์ คุ้มทวีพร
245 10 การพยาบาลผู้ใหญ่และผู้สูงอายุ 2 /^cพัสมณฑ์ คุ้มทวีพร
250    พิมพ์ครั้งที่ 2
260    กรุงเทพฯ :^bโรงพิมพ์ฮายานุสะ กราฟฟิก, ^c2552
300    328 หน้า :^bภาพประกอบ ;^c26 ซม.
650  7 การพยาบาล^xในวัยชรา
650  7 การพยาบาล^xในวัยผู้ใหญ่
650  7 การพยาบาลผู้สูงอายุ
650  7 ผู้สูงอายุ^xการดูแล
945    ^p300^l0^i028506
945    ^p300^l0^i028505
945    ^p300^l0^i028507
995    ทศพร
999 ^a ใช้งานได้ทุกระบบ
รายการนี้ยังไม่มีแท็ก
คุณยังไม่ได้ล็อกอิน คุณสามารถมีกิจกรรมร่วมกับเว็บไซต์ได้ แต่ต้องล็อกอินก่อน ::
  ล็อกอิน

รายการสื่อสารสนเทศ

ลำดับที่ ประเภท เลขเรียก/บาร์โค้ด สถานที่ สถานะ
- ไม่พบข้อมูล -

รายการใกล้เคียง
    ผู้แต่ง [พัสมณฑ์ คุ้มทวีพร]

    หัวเรื่อง [การพยาบาลผู้สูงอายุ]
    หัวเรื่อง [ผู้สูงอายุ การดูแล]

BibComment


ยังไม่เคยถูกคอมเมนท์

คอมเมนท์ทรัพยากรรายการนี้
  คอมเมนท์: การพยาบาลผู้ใหญ่แ..


 Copyright 2026. Bcnsprnw @Library